Memoria y estrategias de aprendizaje
Guardat en:
| Autors principals: | , |
|---|---|
| Format: | Llibre |
| Idioma: | espanyol |
| Publicat: |
Madrid
CEPE
1994
|
| Col·lecció: | Progresint, 22
|
| Matèries: | |
| Etiquetes: |
Afegir etiqueta
Sense etiquetes, Sigues el primer a etiquetar aquest registre!
|
MARC
| LEADER | 00000nam a2200000 a 4500 | ||
|---|---|---|---|
| 001 | UCU6944 | ||
| 003 | CL-VaPUC | ||
| 008 | 960628e19940000SP |||||||||||||||||spa|d | ||
| 082 | 0 | 4 | |a 372.8 |b YUS |2 21 |
| 100 | 0 | |a Yuste Hernanz, Carlos |e author |9 365339 | |
| 700 | 0 | |a Sánchez Quirós, Juan Miguel |e author |9 365340 | |
| 245 | 1 | 0 | |a Memoria y estrategias de aprendizaje |
| 300 | |a 96 p | ||
| 942 | |c BK | ||
| 945 | |d 19960628 00:00:00 |a rbrito | ||
| 260 | |a Madrid |b CEPE |c 1994 | ||
| 500 | |a E. Primaria 4§ - 5§ - 6§: Nivel 3 | ||
| 650 | 0 | |a Educación básica |9 224933 | |
| 650 | 0 | |a Niños |9 255605 | |
| 650 | 0 | |a Memoria |9 266549 | |
| 650 | 0 | |a Aprendizaje |9 254827 | |
| 650 | 0 | |a Cognición |9 270347 | |
| 650 | 7 | |a NMEMOTECNIA |2 CL-VaPUC |9 365341 | |
| 650 | 0 | |a Inteligencia |9 267038 | |
| 583 | |a last modification |c 19960628 00:00:00 |k Rodrigo Vera | ||
| 490 | 0 | |a Progresint, 22 | |
| 999 | |c 249675 |d 249673 | ||
| 952 | |0 0 |1 0 |4 0 |6 372_800000000000000_YUS_1994 |7 0 |8 A |9 267099 |a BIBEDU |b BIBEDU |d 2019-11-19 |i 3208605 |o 372.8 YUS 1994 |p 3208605 |r 2019-11-19 |w 2019-11-19 |y BK |k EPE | ||
| 952 | |0 0 |1 0 |4 0 |6 372_800000000000000_YUS_1994 |7 0 |8 A |9 267100 |a BIBEDU |b BIBEDU |d 2019-11-19 |i 3332578 |o 372.8 YUS 1994 |p 3332578 |r 2019-11-19 |w 2019-11-19 |y BK |k EDU | ||